Bố cái Đại Vương

Đã lưu trong:
书目详细资料
格式: 图书
语言:Undetermined
主题:
标签: 添加标签
没有标签, 成为第一个标记此记录!
Thư viện lưu trữ: Trung tâm Học liệu Trường Đại học Cần Thơ
LEADER 00370nam a2200145Ia 4500
001 CTU_102278
008 210402s9999 xx 000 0 und d
082 |a 959.7092 
082 |b B450 
245 0 |a Bố cái Đại Vương 
650 |a Vietnam 
650 |x Biography 
904 |i M.Loan 
915 |a 900 
980 |a Trung tâm Học liệu Trường Đại học Cần Thơ